Международное сотрудничество кафедры органической химии и технологии органического синтеза Томского политехнического университета; Томский политехник; Вып. 1
| Parent link: | Томский политехник: ежегодный журнал/ Томский политехнический университет (ТПУ), Ассоциация выпускников.— , 1995- Вып. 1.— 1995.— [С. 45] |
|---|---|
| Autor principal: | |
| Sumario: | Заглавие с титульного листа Электронная версия печатной публикации |
| Lenguaje: | ruso |
| Publicado: |
1995
|
| Colección: | Международное сотрудничество ТПУ |
| Materias: | |
| Acceso en línea: | Черно-белая версия для предварительного просмотра Цветная версия без потери качества |
| Formato: | Electrónico Capítulo de libro |
| KOHA link: | https://koha.lib.tpu.ru/cgi-bin/koha/opac-detail.pl?biblionumber=187548 |
MARC
| LEADER | 00000nla2a2200000 4500 | ||
|---|---|---|---|
| 001 | 187548 | ||
| 005 | 20231220095523.0 | ||
| 035 | |a (RuTPU)RU\TPU\book\203508 | ||
| 035 | |a RU\TPU\book\203506 | ||
| 090 | |a 187548 | ||
| 100 | |a 20101117d1995 km y0rusy50 ca | ||
| 101 | 0 | |a rus | |
| 102 | |a RU | ||
| 135 | |a drnn ---uucaa | ||
| 181 | 0 | |a i | |
| 182 | 0 | |a b | |
| 200 | 1 | |a Международное сотрудничество кафедры органической химии и технологии органического синтеза Томского политехнического университета |f В. Д. Филимонов | |
| 203 | |a Текст |c электронный | ||
| 215 | |a 2 файла (235 Кб, 3.2 Мб) | ||
| 225 | 1 | |a Международное сотрудничество ТПУ | |
| 300 | |a Заглавие с титульного листа | ||
| 300 | |a Электронная версия печатной публикации | ||
| 337 | |a Adobe Reader | ||
| 461 | 1 | |0 (RuTPU)RU\TPU\book\202435 |t Томский политехник |o ежегодный журнал |f Томский политехнический университет (ТПУ), Ассоциация выпускников |d 1995- | |
| 463 | 0 | |0 (RuTPU)RU\TPU\book\202441 |t Вып. 1 |v [С. 45] |d 1995 |p 60 с. | |
| 601 | 0 | 2 | |a Томский политехнический университет (ТПУ) |c (1991-2009) |2 stltpush |3 (RuTPU)RU\TPU\col\376 |b Кафедра органической химии и технологии органического синтеза |
| 610 | 1 | |a научно-образовательная деятельность | |
| 610 | 1 | |a международное сотрудничество | |
| 610 | 1 | |a труды учёных ТПУ | |
| 610 | 1 | |a электронный ресурс | |
| 700 | 1 | |a Филимонов |b В. Д. |c химик |c профессор Томского политехнического университета, доктор химических наук |f 1945- |g Виктор Дмитриевич |3 (RuTPU)RU\TPU\pers\12908 |9 3693 | |
| 801 | 1 | |a RU |b 63413507 |c 20101101 | |
| 801 | 2 | |a RU |b 63413507 |c 20110201 |g RCR | |
| 856 | 4 | |u http://www.lib.tpu.ru/fulltext/v/Tomsk_polytechnic/1995/N1a30_bw.pdf |z Черно-белая версия для предварительного просмотра | |
| 856 | 4 | |u http://www.lib.tpu.ru/fulltext/v/Tomsk_polytechnic/1995/N1a30_full.pdf |z Цветная версия без потери качества | |
| 942 | |c CF | ||